Davis v Stone (Record no. 37965)
[ view plain ]
| 000 -LEADER | |
|---|---|
| fixed length control field | 01657cab a2200253 4500 |
| 001 - CONTROL NUMBER | |
| control field | ABS47270 |
| 008 - FIXED-LENGTH DATA ELEMENTS--GENERAL INFORMATION | |
| fixed length control field | 090401t1992 xxu||||| |||| 00| 0 eng d |
| 035 ## - SYSTEM CONTROL NUMBER | |
| System control number | (Sirsi) u61321 |
| 041 ## - LANGUAGE CODE | |
| Language code of text/sound track or separate title | eng |
| 245 ## - TITLE STATEMENT | |
| Title | Davis v Stone |
| 260 ## - PUBLICATION, DISTRIBUTION, ETC. | |
| Date of publication, distribution, etc. | 1992 |
| 350 ## - PRICE (NR) (BK AM CF MU VM SE) [OBSOLETE] | |
| Price | 0 |
| 490 ## - SERIES STATEMENT | |
| Series statement | Estates Gazette |
| Volume/sequential designation | (1992) 41 EG 122-123(2) |
| 520 ## - SUMMARY, ETC. | |
| Summary, etc. | LVT 1 April 1992. Decision made following an application under Landlord and Tenant Act 1987 s13 by the applicant, D, the nominated person within the meaning of that section, for the determination of the price to be paid for to the respondent, S, for the premises in question and to settle the terms of the conveyance consequent on the service on S of a purchase note dated June 1991, under s12 of the Act on behalf of the lessees of seven flats within the premises. S had purchased the premises at auction in 1990 subject to and with the benefit of existing leases and subject to a number of special conditions of sale. These included that any arrears due at that time should be paid by S to the vendor and recovered later from tenants. S claimed the true purchase price of the property was £13,389 ie the sum of £4,500 paid at auction and £8,889 paid as rent arrears. D disputed this and claimed the correct amount which he had offered to S was £2,2720 representing 8 years` purchase of the total |
| 650 ## - SUBJECT ADDED ENTRY--TOPICAL TERM | |
| Topical term or geographic name entry element | DETERMINATION OF PRICE |
| 650 ## - SUBJECT ADDED ENTRY--TOPICAL TERM | |
| Topical term or geographic name entry element | LANDLORD AND TENANT ACT 1987 S13 |
| 650 ## - SUBJECT ADDED ENTRY--TOPICAL TERM | |
| Topical term or geographic name entry element | PURCHASE NOTE |
| 650 ## - SUBJECT ADDED ENTRY--TOPICAL TERM | |
| Topical term or geographic name entry element | REVERSIONARY INTEREST |
| 650 ## - SUBJECT ADDED ENTRY--TOPICAL TERM | |
| Topical term or geographic name entry element | RIGHT TO BUY |
| 650 ## - SUBJECT ADDED ENTRY--TOPICAL TERM | |
| Topical term or geographic name entry element | TERMS OF CONVEYANCE |
| 690 ## - LOCAL SUBJECT ADDED ENTRY--TOPICAL TERM (OCLC, RLIN) | |
| Topical term or geographic name as entry element | LANDLORD AND TENANT-CASE LAW-RESIDENTIAL TENANCIES |
| 942 ## - ADDED ENTRY ELEMENTS (KOHA) | |
| Suppress in OPAC | 0 |
| 948 ## - LOCAL PROCESSING INFORMATION (OCLC); SERIES PART DESIGNATOR (RLIN) | |
| c (OCLC) | 04/03/1997 |
| Withdrawn status | Lost status | Source of classification or shelving scheme | Damaged status | Not for loan | Home library | Current library | Shelving location | Date acquired | Total Checkouts | Full call number | Barcode | Date last seen | Copy number | Price effective from | Koha item type |
|---|---|---|---|---|---|---|---|---|---|---|---|---|---|---|---|
| Dewey Decimal Classification | London | London | Journal article | 14/09/1999 | ABS47270 | 61321-1001 | 06/08/2019 | 1 | 06/08/2019 | Law report |